Southville International School and Colleges
Your cart is empty.
  • Cart
  • Lists
    Public lists Eva Luna New books Lux_list list_1
    Your lists Log in to create your own lists
  • Log in to your account
  • Your cookies
  • Search history
Southville International School and Colleges
  • Advanced search
  • Recent comments
  • Most popular
  • Libraries

Log in to your account

Log in with GOOGLE


If you do not have an external account, but do have a local account, you can still log in:

  1. Home
  2. MARC view: Motivational career counselling and coaching :
Normal view MARC view ISBD view

Motivational career counselling and coaching : (Record no. 25659)

[ view plain ]
MARC details
000 -LEADER
fixed length control field 00825nam a22002537a 4500
005 - DATE AND TIME OF LATEST TRANSACTION
control field 20140313100406.0
008 - FIXED-LENGTH DATA ELEMENTS--GENERAL INFORMATION
fixed length control field 131123b xxu||||| |||| 00| 0 eng d
020 ## - INTERNATIONAL STANDARD BOOK NUMBER
International Standard Book Number 9781446201824
022 ## - INTERNATIONAL STANDARD SERIAL NUMBER
Source
050 ## - LIBRARY OF CONGRESS CALL NUMBER
Classification number HF 5381
Item number .Sh554 2012
100 ## - MAIN ENTRY--PERSONAL NAME
Personal name Sheward, Steve.
245 ## - TITLE STATEMENT
Title Motivational career counselling and coaching :
Remainder of title cognitive and behavioural approaches /
Statement of responsibility, etc Steve Sheward, Rhena Branch.
260 ## - PUBLICATION, DISTRIBUTION, ETC. (IMPRINT)
Place of publication, distribution, etc London ; Thousand Oaks, Calif. :
Name of publisher, distributor, etc SAGE,
Date of publication, distribution, etc 2012.
300 ## - PHYSICAL DESCRIPTION
Extent 206 p. :
Other physical details ill. ;
Dimensions 25 cm.
504 ## - BIBLIOGRAPHY, ETC. NOTE
Bibliography, etc Includes Bibliographic References and Index.
521 ## - TARGET AUDIENCE NOTE
Target audience note
650 ## - SUBJECT ADDED ENTRY--TOPICAL TERM
Topical term or geographic name as entry element Vocational guidance
General subdivision Psychological aspects.
650 ## - SUBJECT ADDED ENTRY--TOPICAL TERM
Topical term or geographic name as entry element Cognitive therapy.
650 ## - SUBJECT ADDED ENTRY--TOPICAL TERM
Topical term or geographic name as entry element Motivation (Psychology)
700 ## - ADDED ENTRY--PERSONAL NAME
Personal name Branch, Rhena.
942 ## - ADDED ENTRY ELEMENTS (KOHA)
Source of classification or shelving scheme Library of Congress Classification
Koha item type Books
Call number prefix Foreign
Holdings
Withdrawn status Lost status Source of classification or shelving scheme Damaged status Home library Current library Shelving location Date acquired Total Checkouts Total Renewals Full call number Barcode Date last seen Date checked out Copy number Price effective from Koha item type
    Library of Congress Classification   College Library College Library Reserve Section 11/23/2013 1 8 HF 5381 .Sh554 2012 C17188 03/16/2016 02/11/2016 1 11/23/2013 Books
    Library of Congress Classification   College Library College Library Reserve Section 12/16/2013     HF 5381 .Sh554 2012 C17298 10/30/2014   2 12/16/2013 Books

Motivational career counselling and coaching :

APA

Sheward S., Branch R., . (2012). Motivational career counselling and coaching. London ; Thousand Oaks, Calif: SAGE.

Chicago

Sheward Steve, Branch Rhena, . 2012. Motivational career counselling and coaching. London ; Thousand Oaks, Calif: SAGE.

Harvard

Sheward S., Branch R., . (2012). Motivational career counselling and coaching. London ; Thousand Oaks, Calif: SAGE.

MLA

Sheward Steve, Branch Rhena, . Motivational career counselling and coaching. London ; Thousand Oaks, Calif: SAGE. 2012.

  • Place hold
  • Print
  • Cite
  • Add to your cart (remove)
  • Save record
    BIBTEX Dublin Core MARCXML MARC (non-Unicode/MARC-8) MARC (Unicode/UTF-8) MARC (Unicode/UTF-8, Standard) MODS (XML) RIS
  • More searches
    Search for this title in:
    Other Libraries (WorldCat) Other Databases (Google Scholar) Online Stores (Bookfinder.com) Open Library (openlibrary.org)

Exporting to Dublin Core...

SOUTHVILLE LIBRARY

Southville International School and Colleges Library

1281 Tropical Ave. Cor. Luxembourg St., BF Homes International, Las Pinas City

Tel. No. 8256374 / 252358 Loc. 117/146

Powered by Koha